| 000 | 01239nam a2200289 a 4500 | ||
|---|---|---|---|
| 003 | OSt | ||
| 005 | 20231025102746.0 | ||
| 007 | cr ||||||a|c|a | ||
| 008 | 230706s2022 mx a|||fom||| 001 0 spa d | ||
| 040 | _erda | ||
| 100 | 1 |
_9187536 _aSilva España, Daniela |
|
| 245 | 1 | 0 |
_aMicroorganismos de montaña en la producción de bocashi y su efecto en el desarrollo de lechuga (Lactuca sativa L.) / _cpor Daniela Silva España ; director de tesis Laura Gómez Tovar. |
| 264 | 1 |
_aChapingo, México : _bEl autor, _c2022. |
|
| 300 |
_a1 recurso en línea (55 páginas). _bcuadros. |
||
| 336 |
_2rdacontent _atexto _btxt |
||
| 337 |
_2rdamedia _acomputadora _bc |
||
| 338 |
_2rdacarrier _arecurso en línea _bcr |
||
| 502 |
_bIAg _cAgroecología _d2022. _gLIC |
||
| 504 | _aIncluye referencias bibliográficas: páginas 40-45. | ||
| 650 | 4 |
_9160835 _aMicroorganismos del suelo |
|
| 650 | 4 |
_9273 _aAbonos orgánicos |
|
| 650 | 4 |
_9129805 _aHongos del suelo como fertilizante |
|
| 650 | 4 |
_940520 _aFertilizantes _xEfecto en lechuga |
|
| 700 | 1 |
_949914 _aGómez Tovar, Laura _eDirector de tesis. |
|
| 856 |
_uhttp://10.13.5.2/tesis/tl/1412466-1_SILVA_ESPANA_DANIELA.pdf _zDESCARGAR PDF |
||
| 942 |
_2Clasificación Universidad Autónoma Chapingo _cTD |
||
| 999 |
_c219005 _d219005 |
||